00481nam a2200169Ia 4500999001500000003000400015005001700019008004100036020001800077040000900095082001700104100002600121245006000147260005500207300000900262942004000271 c6139d6139OSt20200125100737.0190216s9999||||xx |||||||||||||| ||und|| a9788120314429 coclc a658.5bPAN/P aPanneerselvam, R9819 0aProduction And Operations Management /cR Panneerselvam bPrentice Hall Of India Pvt Ltd,c2002.aNew Delhi: a455p cBK2ddch658.5iPAN/Pk658.5mPAN/P